00477nam a2200181 450000100060000009000100000610000400001610100080005610200070006420000440007121000540011521500100016922500170017967500170019680100120021399000110022599500590023643437 a43437 a20240819 pory50  apor aPT aO herdeiro de CaswillfJuan Lozano Rico aLisboacAgência portuguesa de revistasd[19--?] a96 p. aEnamoradov4 a821.134.4-31 aPTgRPC cLIVROS 10970060bBMRcBMRf050863k821.134.4-3 LOZo0rLIVROS